The Oedipus Cycle

Bewaard in:
Bibliografische gegevens
Hoofdauteur: Sophocles
Formaat: Boek
Taal:Undetermined
Gepubliceerd in: New York, Estados Unidos A Harvest Book 1949
Onderwerpen:
Tags: Voeg label toe
Geen labels, Wees de eerste die dit record labelt!

MARC

LEADER 00000nam a2200000Ia 4500
008 170316s9999 xx 000 0 und d
040 |a cru BVZT 
090 |a 880 S-3o 
100 |a Sophocles 
245 4 |a The Oedipus Cycle 
260 |a New York, Estados Unidos 
260 |b A Harvest Book 
260 |c 1949 
300 |a 249 páginas 
650 |a LITERATURA GRIEGA 
999 |c 11973  |d 11973 
942 |c 15 D  |h 880 S-3o  |2 z